000 00308nam a22001337a 4500
008 181106b xxu||||| |||| 00| 0 eng d
020 _a9781319064488
041 _aeng
080 _a370
100 _a46
101 _aEDU
245 _aUnderstanding Your College Experienxe
_cJohn.N.G
942 _2udc
_cBK
999 _c51968
_d51968